000 00487nam a2200181Ia 4500
005 20250508152412.0
008 008 250505s9999 xx 000 0 eng d
037 _aTextual
040 _aFEDL
_beng
_cFEDL
041 _aeng
_2eng
084 _a371.74, COM
_qFEDL
245 0 _aSchool athletics problems and policies
245 0 _cEducational Policies Commission
260 _c1954
300 _aix,116p.
942 _cTEXL
_h371.74, COM
999 _c1336195
_d1336195